Southville International School and Colleges
Your cart is empty.
  • Cart
  • Lists
    Public lists Eva Luna New books Lux_list list_1
    Your lists Log in to create your own lists
  • Log in to your account
  • Your cookies
  • Search history
Southville International School and Colleges
  • Advanced search
  • Recent comments
  • Most popular
  • Libraries

Log in to your account

Log in with GOOGLE


If you do not have an external account, but do have a local account, you can still log in:

  1. Home
  2. MARC view: Stories by Foreign Authors :
Normal view MARC view ISBD view

Stories by Foreign Authors : (Record no. 239243)

[ view plain ]
MARC details
000 -LEADER
fixed length control field 01014cam a22002773a 4500
001 - CONTROL NUMBER
control field 9987
003 - CONTROL NUMBER IDENTIFIER
control field PGUSA
005 - DATE AND TIME OF LATEST TRANSACTION
control field 20140828083218.0
008 - FIXED-LENGTH DATA ELEMENTS--GENERAL INFORMATION
fixed length control field 060201s2006||||xxu|||||s|||||000 | eng d
040 ## - CATALOGING SOURCE
Original cataloging agency PGUSA
Language of cataloging eng
042 ## - AUTHENTICATION CODE
Authentication code dc
050 #4 - LIBRARY OF CONGRESS CALL NUMBER
Classification number PQ
245 10 - TITLE STATEMENT
Title Stories by Foreign Authors :
Remainder of title Spanish
Medium [electronic resource]
260 ## - PUBLICATION, DISTRIBUTION, ETC. (IMPRINT)
Name of publisher, distributor, etc Project Gutenberg,
Date of publication, distribution, etc 2006
505 0# - FORMATTED CONTENTS NOTE
Formatted contents note The tall woman / P.A. de Alarcón -- The white butterfly / J. Selgas -- The organist / G.A. Bécquer -- Moors and Christians / P.A. de Alarcón -- Bread cast upon the waters / F. Caballero.
506 ## - RESTRICTIONS ON ACCESS NOTE
Terms governing access Public domain in the USA.
516 ## - TYPE OF COMPUTER FILE OR DATA NOTE
Type of computer file or data note Electronic text
653 ## - INDEX TERM--UNCONTROLLED
Uncontrolled term Short stories, Spanish -- Translations into English
700 1# - ADDED ENTRY--PERSONAL NAME
Personal name Selgas, José,
Dates associated with a name 1824-1882
700 1# - ADDED ENTRY--PERSONAL NAME
Personal name Bécquer, Gustavo Adolfo,
Dates associated with a name 1836-1870
700 1# - ADDED ENTRY--PERSONAL NAME
Personal name Alarcón, Pedro Antonio de,
Dates associated with a name 1833-1891
700 1# - ADDED ENTRY--PERSONAL NAME
Personal name Caballero, Fernán,
Dates associated with a name 1796-1877
830 #0 - SERIES ADDED ENTRY--UNIFORM TITLE
Uniform title Project Gutenberg
Volume number/sequential designation 9987
856 40 - ELECTRONIC LOCATION AND ACCESS
Uniform Resource Identifier <a href="http://www.gutenberg.org/ebooks/9987">http://www.gutenberg.org/ebooks/9987</a>
942 ## - ADDED ENTRY ELEMENTS (KOHA)
Koha item type eBooks
Holdings
Withdrawn status Lost status Damaged status Home library Current library Date acquired Total Checkouts Date last seen Price effective from Koha item type
      Project Gutenberg Project Gutenberg 08/28/2014   08/28/2014 08/28/2014 eBooks

Stories by Foreign Authors :

APA

Selgas J., Bécquer G. A., Alarcón P. A. d. & Caballero F. (2006). Stories by Foreign Authors. : Project Gutenberg.

Chicago

Selgas José, Bécquer Gustavo Adolfo, Alarcón Pedro Antonio de and Caballero Fernán. 2006. Stories by Foreign Authors. : Project Gutenberg.

Harvard

Selgas J., Bécquer G. A., Alarcón P. A. d. and Caballero F. (2006). Stories by Foreign Authors. : Project Gutenberg.

MLA

Selgas José, Bécquer Gustavo Adolfo, Alarcón Pedro Antonio de and Caballero Fernán. Stories by Foreign Authors. : Project Gutenberg. 2006.

  • Place hold
  • Print
  • Cite
  • Add to your cart (remove)
  • Save record
    BIBTEX Dublin Core MARCXML MARC (non-Unicode/MARC-8) MARC (Unicode/UTF-8) MARC (Unicode/UTF-8, Standard) MODS (XML) RIS
  • More searches
    Search for this title in:
    Other Libraries (WorldCat) Other Databases (Google Scholar) Online Stores (Bookfinder.com) Open Library (openlibrary.org)

Exporting to Dublin Core...

SOUTHVILLE LIBRARY

Southville International School and Colleges Library

1281 Tropical Ave. Cor. Luxembourg St., BF Homes International, Las Pinas City

Tel. No. 8256374 / 252358 Loc. 117/146

Powered by Koha